Guess the superhero quiz easy - Statistics

General Stats
  • This quiz has been taken 29 times
  • The average score is 5 of 6
Answer Stats
Picture Answer % Correct
Captain america
96%
Iron man
92%
spider man
92%
Thor
92%
Batman
88%
hulk
88%
No matching quizzes found
Score Distribution
Percent of People with Each Score
Percentile by Number Answered
Your Score History
You have not taken this quiz